Better trout habitat: a guide to stream restoration and management
Saved in:
| 主要作者: | |
|---|---|
| 格式: | 圖書 |
| 語言: | 英语 |
| 出版: |
Washington, D.C
Island Press
1991
|
| 主題: | |
| 標簽: |
添加標簽
沒有標簽, 成為第一個標記此記錄!
|
MARC
| LEADER | 00000nam a2200000 a 4500 | ||
|---|---|---|---|
| 001 | UCZ8315 | ||
| 003 | CL-VaPUC | ||
| 008 | 960119e19910000US |||||||||||||||||eng|d | ||
| 082 | 0 | 4 | |a 639.3 |b HUN |2 21 |
| 100 | 0 | |a Hunter, Christopher J |e author |9 353564 | |
| 245 | 1 | 0 | |a Better trout habitat: a guide to stream restoration and management |
| 300 | |a 320 p | ||
| 942 | |c BK | ||
| 945 | |d 19960119 00:00:00 |a rleighto | ||
| 260 | |a Washington, D.C |b Island Press |c 1991 | ||
| 650 | 7 | |a PECES |2 CL-VaPUC |9 353565 | |
| 650 | 0 | |a Manuales |9 257144 | |
| 650 | 7 | |a CONSERVACION |2 CL-VaPUC |9 259519 | |
| 650 | 0 | |a Agua dulce |9 338535 | |
| 650 | 0 | |a Almacenamiento de agua |9 261956 | |
| 650 | 0 | |a Hidrología |9 261396 | |
| 650 | 7 | |a CORRIENTES DE AGUA |2 CL-VaPUC |9 350181 | |
| 650 | 0 | |a Cuencas Fluviales |9 352343 | |
| 583 | |a last modification |c 20130414 12:16:54 |k Rodrigo Vera | ||
| 999 | |c 244246 |d 244244 | ||
| 952 | |0 0 |1 0 |4 0 |6 639_300000000000000_HUN_1991 |7 0 |8 CCM |9 258245 |a BIBCUR |b BIBCUR |d 2019-11-19 |i 3171930 |o 639.3 HUN 1991 |p 3171930 |r 2025-04-22 |w 2019-11-19 |y BK |k CIM | ||